| 000 | 01915cam a2200349 4500 | ||
|---|---|---|---|
| 001 | ABS68439 | ||
| 008 | 041119n2004 000 0 eng u | ||
| 035 | _a(Sirsi) u128059 | ||
| 100 | _aMcChlery, F. | ||
| 245 | _aAffordable housing: the Mexican stand-off | ||
| 260 | _c2004 | ||
| 490 |
_aScottish Planning and Environmental Law _v(105) October 2004, 106-107(2) |
||
| 520 | _aDiscusses attempts in Scotland to provide affordable housing through the local plan and development control process. No advice has yet been received from the Scottish Executive on good practice in providing affordable housing through the planning system. The duties of local authorities as housing authority are derived from the Housing Acts 1987 and 1988 and the Housing (Scotland) Act 2001. None of the Housing Acts include powers to compel anyone to construct or provide any particular housing or type or tenure of housing. Nowhere in Scottish planning or housing legislation is the provision of housing for those in need made a function of the land use planning system, either directly or by inference. Concludes that using land use planning powers to meet problems intended to be addressed by the Housing Acts may be vulnerable to challenge. | ||
| 590 | _aABS | ||
| 590 | _aABS | ||
| 650 | _aLOCAL PLAN | ||
| 650 | _aDEVELOPMENT CONTROL | ||
| 650 | _aR V HILLINGDON LBC EX P ROYCO HOMES LTD | ||
| 650 | _aMOSS EMPIRES V GLASGOW ASSESSOR | ||
| 650 | _aCREDIT SUISSE AND OTHERS V WALTHAM FOREST LBC | ||
| 650 | _aPIGGINS AND RIX V MONTROSE PORT AUTHORITY | ||
| 650 | _aLAND USE PL:ANNING | ||
| 650 | _aSPP3 | ||
| 650 | _aR V TOWER HAMLETS LBC EX P BARRATT HOMES LTD | ||
| 650 | _aWYCHAVON DC V WESTBURY HOMES (HOLDINGS) LTD | ||
| 650 | _aHOUSING ACT 1987 | ||
| 650 | _aHOUSING ACT 1988 | ||
| 650 | _aHOUSING (SCOTLAND) ACT 2001 | ||
| 650 | _aSCOTLAND | ||
| 690 | _aHOUSING-DEVELOPMENT | ||
| 942 | _n0 | ||
| 999 |
_c118341 _d118341 |
||